| 000 | 02624nam a22003137a 4500 | ||
|---|---|---|---|
| 005 | 2012021407537.0 | ||
| 010 | _aB-479283-288 | ||
| 020 |
_a8186895361 _c75.00 |
||
| 035 | _aB-479283-288 | ||
| 037 | _bब्लूबेरी बुक्स | ||
| 082 | _aक | ||
| 100 |
_aनायडू, वायु _951482 |
||
| 245 |
_aमोरपंख पर आँखें कैसी / _cवायु नायडू;मुग्धा शाह द्वारा चित्रांकित;सुषमा द्वारा अनुदित |
||
| 260 |
_aचैन्नई _bतूलिका पब्लिशिंग _c2010 |
||
| 270 |
_a13 पृथ्वी ऐवन्यू, अभिरमपुरम _bचैन्नई _e600018 |
||
| 300 |
_aअ.पृ. _bसचित्र _c22सेमी (अजिल्द) |
||
| 700 |
_aशाह, मुग्धा _941870 |
||
| 700 |
_941871 _aसुषमा |
||
| 700 | _941872 | ||
| 942 |
_2ddc _cCH _hक _mनायडू |
||
| 999 |
_c62772 _d62772 |
||